000 00434nam a22001337a 4500
005 20241023091504.0
008 241023b |||||||| |||| 00| 0 eng d
100 _aDatu, Dino.
_eauthor.
_963355
245 _aDuck Rillette /
_cDino Datu.
260 _aPhilippines;
_bPhilippine Graphic Publishing Inc.,
_cDecember 2019.
300 _aVolume 20, pages 8-9,
_billustration.
700 _aDatu, Dino.
_eauthor.
_963356
942 _2ddc
_cPER
999 _c22833
_d22833